00550nam a2200169 a 450000100100000000500170001000800410002702000150006804000250008310000320010824500750014026000370021530000210025249000260027350000550029983000260035400003940420240306164224.0130626s1975 sp 000 0 spa d a843220286X aDO-SdBNPbspacBNPHU1 aVargas Llosa, Mario,d1936-13aLa orgía perpetua :bFlaubert y madame bovary /cMario Vargas Llosa. aBarcelona :bSeix Barral,c1975. a277 p. ;c22 cm.1 aBiblioteca brevev379 aIncluye datos biográficos del autor en la solapa 0aBiblioteca brevev379